Trouve le Film #1 - Statistiques

Statistiques générales
  • Ce quiz a été pris 241 fois
    207 depuis la dernière actualisation
  • Le résultat moyen est 11 sur 16
Statistiques - réponses
Par images Réponse % Correct
Jurassic Park
96%
Harry Potter
94%
la ligne verte
94%
Indiana Jones
89%
Rocky
85%
Maman j'ai raté l'avion
84%
Le Parrain
78%
Pulp fiction
74%
Interstellar
62%
Shutter Island
62%
Star Wars
60%
Le loup de Wallstreet
58%
Scarface
58%
Fight club
51%
Les Gremlins
38%
Fast and furious
25%
Aucun quiz correspondant
Distribution des résultats
% des personnes avec chaque résultat
Percentile par nombre de réponses
Votre historique - résultats
Vous n’avez pas pris ce quiz depuis la dernière actualisation